Kid Again Lyrics - Jon Bellion - Statistics

General Stats
  • This quiz has been taken 15 times
  • The average score is 288 of 359
Answer Stats
Lyrics % Correct
a
100%
again,
100%
again
100%
am
100%
do
100%
I
100%
kid
100%
when
100%
anything
92%
my
92%
the
92%
to
92%
what
92%
What
92%
(What
92%
you
92%
you?)
92%
your
92%
I'm
83%
in
83%
love,
83%
love
83%
Oh,
83%
and
75%
at
75%
But
75%
could
75%
go
75%
happened
75%
it
75%
it,
75%
It's
75%
light
75%
light?
75%
we
75%
can't
67%
eyes
67%
free
67%
Jaded
67%
night
67%
open,
67%
opened
67%
say
67%
then
67%
there's
67%
underneath
67%
west,
67%
Wild
67%
wild
67%
wolves
67%
bite
58%
dog
58%
gon'
58%
this
58%
word,
58%
back
50%
(Fuck
50%
up
50%
up)
50%
(Wake
50%
wake
50%
away
42%
control
42%
feel
42%
If
42%
if
42%
me
42%
see
42%
they
42%
took
42%
Yah
42%
don't
33%
soul
33%
vibe?
33%
all
25%
care
25%
even
25%
fall,
25%
fall
25%
God,
25%
pride?
25%
answer
17%
before
17%
blow
17%
call
17%
creepin'
17%
gotta
17%
just
17%
let
17%
like
17%
pistol
17%
Shoot
17%
stars,
17%
Sun
17%
wind
17%
left
8%
window
8%
No matching quizzes found
Score Distribution
Percent of People with Each Score
Percentile by Number Answered
Your Score History
You have not taken this quiz